Every LoL Teams in 2024 - EN - Statistics

General Stats
  • This quiz has been taken 57 times
  • The average score is 36 of 91
Answer Stats
League Team % Correct
LCK T1
100%
LCK Gen.G Esports
98%
LEC G2 Esports
92%
LCK Hanwha Life Esports
92%
LPL Bilibili Gaming
86%
LEC Fnatic
86%
LCK DRX
82%
VCS GAM Esports
82%
LPL Weibo Gaming
78%
LCS FlyQuest
76%
LCK KT Rolster
73%
LEC Rogue
73%
LEC SK Gaming
73%
LCS Team Liquid
73%
LPL Top Esports
73%
LEC Karmine Corp
71%
LCK Dplus Kia
69%
LPL LNG Esports
69%
LCS Cloud9
67%
LEC GIANTX
67%
LPL JD Gaming
67%
LEC Team Vitality
67%
LCS 100 Thieves
65%
PCS PSG Talon
65%
LEC Team BDS
65%
LPL Team WE
65%
LPL FunPlus Phoenix
63%
LPL EDward Gaming
61%
LCK FearX
61%
LPL Invictus Gaming
59%
LPL Royal Never Give Up
59%
LEC Team Heretics
59%
LEC MAD Lions KOI
57%
LCK Nongshim RedForce
57%
LCK BRION
53%
LCK Kwangdong Freecs
51%
CBLOL LOUD
47%
LPL Anyone's Legend
45%
CBLOL painN Gaming
45%
LLA Rainbow7
43%
PCS CTBC Flying Oyster
37%
LJL DetonatioN FocusMe
37%
LCS Dignitas
37%
VCS Vigkings Esports
37%
CBLOL FURIA Esports
35%
LPL Ninjas in pyjamas
35%
VCS Team Whales
35%
LCS Immortals
33%
LPL LGD Gaming
33%
LCS NRG
31%
LPL Oh My God
31%
VCS Team Secret
31%
LLA Isurus
29%
LPL Rare Atom
29%
LPL ThunderTalk Gaming
29%
LCS Shopify Rebellion
27%
LJL Fukuoka HAWKS Gaming
24%
CBLOL RED Canids
24%
LLA Estral Esports
18%
VCS Team Flash
18%
LLA Leviatán
16%
CBLOL Fluxo
14%
LCO Ground Zero Gaming
14%
LLA Infinity
14%
VCS CERBERUS Esports
12%
PCS Deep Cross Gaming
12%
LJL Sengoku Gaming
12%
LCO Dire Wolves
10%
PCS Frank Esports
10%
PCS HELL PIGS
10%
PCS J Team
10%
CBLOL KaBuM! Esports
10%
LCO Kanga Esports
10%
CBLOL Keyd Stars
10%
VCS MGN Blue Esports
10%
LLA Six Karma
10%
LCO Team Bliss
10%
CBLOL INTZ
8%
LLA (All Knights)
6%
LJL AXIZ CREST
6%
CBLOL LOS
6%
VCS (Rainbow Warriors)
6%
LJL V3 Esports
6%
LCO Antic Esports
4%
LJL Burning Core Toyama
4%
LCO ION Global Esports
4%
CBLOL Liberty
4%
PCS West Point Esports
4%
LCO FURY Global
2%
LPL Ultra Primes
2%
LCO MAMMOTH EC
0%
No matching quizzes found
Score Distribution
Percent of People with Each Score
Percentile by Number Answered
Your Score History
You have not taken this quiz